| 000 | 00544nam a2200145 a 4500 | ||
|---|---|---|---|
| 008 | 120416s1994 ||||||||||||||||| || u | ||
| 050 | _aIBRD(08)TP | ||
| 100 | _aRangeley, Robert | ||
| 245 | 1 | 0 | _aInternational river basin organization in Sub-Saharan Africa |
| 246 | _aRobert Rangeley [and others] | ||
| 260 |
_aWasington, D. C. _bWorld Bank _c1994 |
||
| 300 | _axiii, 70p. : ill. | ||
| 350 | _a0.00 | ||
| 995 |
_D0.00 _FCBU-MAIN LIBRARY (Kitwe) _H1 _I0.00 _UAVAILABLE _ZInternational Publications |
||
| 999 |
_c47479 _d47479 |
||